• 首页
  • 本馆介绍
  • 公告通知
  • 最新文献
  • 馆藏检索
  • 电子资源
  • 读者导购
  • 参考咨询
  • 我的图书馆
  • 登录
  • 详细信息显示
  • 放入我的书架
  • 预约/预借图书
  • 作者相关作品
  • 分类相关作品
  • 丛书相关作品
  • 出版社相关作品

书目信息

  • 表格格式
  • 工作单格式
  • 卡片格式
题名:
资本主义兴衰史
    
 
作者: 樊亢 主编
分册:  
出版信息: 北京   北京出版社  1984
页数: 432页
开本: 21cm
丛书名:
单 册:
中图分类: F03
科图分类:
主题词: 资本主义社会--生产方式
电子资源:
ISBN:
000 00612nam0 2200229 45
001 0184010746
005 20050111102945.3
010    @dCNY2.05
091    @a4071.79
100    @a19950524d1984 em y0chiy0121 ea
101 0  @achi
102    @aCN@b110000
105    @ay z 000yy
200 10 @a资本主义兴衰史@Azi ben zhu yi xing shuan shi@f樊亢主编@FFan Kang Zhu Bian
210    @a北京@c北京出版社@d1984
215    @a432页@d21cm
606    @a资本主义社会@x生产方式
690    @aF03@v3
701  0 @a樊亢@4主编
801  0 @aCN@b上海图书馆@c20040421
801  2 @aCN@bNLC@c20040421
905    @dF03@e21@f1@b120617
    
    资本主义兴衰史/樊亢主编.-北京:北京出版社,1984
    432页;21cm
    
    
    ISBN :CNY2.05
    
●
相关链接 在E读中查询图书 在五车中查询图书 在当当中查询图书 在豆瓣中查询图书


正题名:资本主义兴衰史     索取号:F03/21         预约/预借

序号 登录号 条形码 馆藏地/架位号 状态 备注
1 0120615   001270234   密集书库/ [索取号:F03/21] 在馆    
2 0120616   001270243   第一借阅区/ [索取号:F03/21] 在馆    
3 0120617   001270225   密集书库/ [索取号:F03/21] 在馆    
4 0158954   002006536   第一借阅区/ [索取号:F03/21] 在馆    
5 0158955   002057106   第一样本阅览室/ [索取号:F03/21] 在馆    
唐山师范学院图书馆 欢迎您!
大连网信软件有限公司© 版权所有